| 000 | 00786nam a2200229 i 4500 | ||
|---|---|---|---|
| 001 | 13965 | ||
| 003 | ES-MaACL | ||
| 005 | 20230906150712.0 | ||
| 007 | t| | ||
| 008 | 980825s1990 sp a |||| | spa d | ||
| 080 | _a75 Hernández Quero, José (064.3) | ||
| 100 | 1 |
_aHernández Quero, José. _963030 |
|
| 245 | 1 | 3 |
_aLa obra de Hernández Quero en Banco de Granada _b: Galería de Exposiciones, Banco de Granada, Granada, marzo-abril 1990. |
| 260 |
_aGranada : _bBanco de Granada, _c[1990] |
||
| 300 |
_a[160] p. : _bil. ; _c23 cm. |
||
| 600 | 1 | 4 |
_aHernández Quero, José- _vExposiciones. _963031 |
| 655 | 7 |
_2tgfbne _9193628 _aCatálogos de exposiciones |
|
| 710 | 2 |
_aBanco de Granada. _92110 |
|
| 852 |
_aES-MaACL _jL-21082 |
||
| 942 | _2udc | ||
| 999 |
_c13965 _d13965 |
||